| 000 | 00603cam a2200193 a 4500 | ||
|---|---|---|---|
| 001 | 000001653 | ||
| 005 | 20200929145642.0 | ||
| 008 | 750120s1963 ag 000 f spa d | ||
| 040 |
_aDO-SdBNP _bspa _cBNPHU |
||
| 082 |
_aG863.4 _bA859m |
||
| 100 | 1 |
_aAsturias, Miguel Ángel, _d1899-1974 _95391 |
|
| 245 | 1 | 0 |
_aMulata de tal / _cMiguel Ángel Asturias. |
| 260 |
_aBuenos Aires : _bLosada, _c1963. |
||
| 300 |
_a280 p. ; _c21 cm. |
||
| 490 | 1 | _aNovelistas de nuestra época | |
| 650 | 4 |
_aNovela guatemalteca _95392 |
|
| 650 | 4 |
_aLiteratura guatemalteca _95393 |
|
| 830 | 0 |
_aNovelistas de nuestra época _95394 |
|
| 999 |
_c1540 _d1540 |
||